000 00610cam a2200181 i 4500
001 23500278
005 20250812155146.0
008 240111s2023 gh a 000 0aeng
020 _a9789988362171
050 0 0 _aLA2388.G472
_bL37 2023
100 1 _aLarbi, Emmanuel Kingsley,
_eauthor.
245 1 0 _aBorn to win :
_bthe memoirs and reflections of a trailblazer /
_cRev. Prof. E. Kingsley Larbi, Ph.D.
300 _a723 pages :
_billustrations ;
_c24 cm
650 0 _aEducators
_zGhana
_vBiography.
650 0 _aPentecostal churches
_xClergy
_vBiography.
650 0 _aPentecostalism
_zGhana.
942 _2lcc
_cBK
_n0
999 _c7263
_d7263